000
00348nam a22001697a 4500
003
UA-OsUOA
001
4980
007
ta
008
20050721b un ||||| |||| 00| 0 ukr d
100
_a
Warren
700
_a
Carl S.
942
_c
BK
040
_a
UA-OsUOA
_c
UA-OsUOA
_d
UA-OsUOA
245
_a
Accounting.
_b
Economics
955
_a
2
650
7
_2
UDC
999
_c
291142
_d
291142